000 007160000a22001930004500
003 LK-CoMWRAF
005 20231113105606.0
008 230817t1995 ||||| |||| 00| 0 eng d
040 _aLK-CoMWRAF
_dLK-CoMWRAF
_eLK-CoMWRAF
041 _aeng
082 _a305.42
_bWOM
245 _aWomen, transition, and change:
_ba study of the impact of conflict and displacement on women in traditional Tamil society
260 _aColombo:
_bInstitute of Agriculture and Women in Development(IAWID),
_c1995
300 _a xi, 123 p. : ill. ; 25 cm.
_bBibliography and index included
650 _aWOMEN-Sri Lanka--Social conditions
650 _aWomen, Tamil--Sri Lanka
650 _aSri Lanka--Ethnic relations
942 _cBK
999 _c1914
_d1914